000 00355nam a2200157Ia 4500
008 240830s1967 xx 000 0 und d
041 _amar
082 _a1
100 _aKULKARNI
245 _aSARANGDARSAMHITA VOL-1
250 _a2
260 _aSANGALI
_bN.D.
_c1967
300 _a100p
906 _aSARANGDARSAMHITA VOL-1
999 _c1183870
_d1183870